| Tag |
First Indicator |
Second Indicator |
Subfields |
| LEADER |
00000pam a2200000 i 4500 |
| 001 |
in00000247613 |
| 005 |
20151010050649.0 |
| 008 |
770302s1977 nyua 00110 eng |
| 010 |
|
|
|a 77003331
|
| 020 |
|
|
|z 0026073609.
|
| 020 |
|
|
|a 0020818602 (pbk.)
|
| 035 |
|
|
|a (OCoLC)02837405
|
| 035 |
|
|
|9 ABB1238AM
|
| 040 |
|
|
|a DLC
|c DLC
|d TXA
|d UtOrBLW
|
| 049 |
|
|
|a TXAM
|c [978102]
|
| 050 |
0 |
0 |
|a TH7425
|b .S37
|
| 082 |
0 |
|
|a 697/.1
|
| 100 |
1 |
|
|a Schuler, Stanley.
|
| 245 |
1 |
0 |
|a How to design and build a fireplace /
|c by Stanley Schuler.
|
| 264 |
|
1 |
|a New York :
|b Macmillan,
|c 1977.
|
| 300 |
|
|
|a vii, 180 pages :
|b illustrations ;
|c 28 cm.
|
| 336 |
|
|
|a text
|b txt
|2 rdacontent
|
| 337 |
|
|
|a unmediated
|b n
|2 rdamedia
|
| 338 |
|
|
|a volume
|b nc
|2 rdacarrier
|
| 500 |
|
|
|a Includes index.
|
| 650 |
|
0 |
|a Fireplaces
|x Design and construction.
|
| 999 |
|
|
|a MARS
|
| 999 |
f |
f |
|s 586c904f-8fa9-3233-9f75-704e1a5a1a15
|i 8753ead6-bbd7-3dd6-bcd4-041d7e07bd57
|t 0
|
| 952 |
f |
f |
|p ric
|a Texas A&M University
|b Rellis Campus
|c Joint Library Facility
|d Remote Storage
|t 0
|e TH7425 .S37
|h Library of Congress classification
|i unmediated -- volume
|m A14805415299
|
| 998 |
f |
f |
|a TH7425 .S37
|t 0
|l Remote Storage
|